Tous les vainqueurs de coupe du monde #3 : Volley-ball - Statistiques

Statistiques générales
  • Ce quiz a été pris 113 fois
  • Le résultat moyen est 5 sur 7
Statistiques - réponses
Victoires Pays % Correct
6 Russie
92%
4 Italie
87%
3 Brésil
86%
1 Etats-Unis
86%
3 Pologne
85%
1 Allemagne
74%
2 République Tchèque
34%
Aucun quiz correspondant
Distribution des résultats
% des personnes avec chaque résultat
Percentile par nombre de réponses
Votre historique - résultats
Vous n’avez pas pris ce quiz